Subrogation (Record no. 70038)

MARC details
000 -LEADER
fixed length control field 01142cam a2200229 4500
001 - CONTROL NUMBER
control field WB3815-15
008 - FIXED-LENGTH DATA ELEMENTS--GENERAL INFORMATION
fixed length control field 020422n2002 000 0 eng u
035 ## - SYSTEM CONTROL NUMBER
System control number (Sirsi) u117630
245 ## - TITLE STATEMENT
Title Subrogation
260 ## - PUBLICATION, DISTRIBUTION, ETC.
Date of publication, distribution, etc. 2002
490 ## - SERIES STATEMENT
Series statement Estates Gazette Case Summaries
Volume/sequential designation [2002] 16 EG (CS) (20/4/02)
520 ## - SUMMARY, ETC.
Summary, etc. CA 20 February 2002. "Halifax plc v Omar and another". The leasehold title to a flat in London, was registered in the name of a third party G. The alleged interests of the claimant (H) and the defendant (O) were derived from their innocent dealings, with a fraudulently operated company (U Ltd), which had used the services of a dishonest solicitor (T). The central issue on the appeal was whether the remedy of subrogation was available at the suit of an innocent lender agains an innocent thrid-party purchaser. "Held", the purchaser's appeal was dismissed.
590 ## - LOCAL NOTE (RLIN)
Local note WB
650 ## - SUBJECT ADDED ENTRY--TOPICAL TERM
Topical term or geographic name entry element MORTGAGE FRAUD
650 ## - SUBJECT ADDED ENTRY--TOPICAL TERM
Topical term or geographic name entry element SUBROGATION
650 ## - SUBJECT ADDED ENTRY--TOPICAL TERM
Topical term or geographic name entry element INDEBTEDNESS
650 ## - SUBJECT ADDED ENTRY--TOPICAL TERM
Topical term or geographic name entry element HALIFAX PLC V OMAR AND ANOTHER
650 ## - SUBJECT ADDED ENTRY--TOPICAL TERM
Topical term or geographic name entry element EQUITABLE INTERESTS
650 ## - SUBJECT ADDED ENTRY--TOPICAL TERM
Topical term or geographic name entry element UNREGISTERED DEALINGS
690 ## - LOCAL SUBJECT ADDED ENTRY--TOPICAL TERM (OCLC, RLIN)
Topical term or geographic name as entry element HOUSING-CASE LAW
942 ## - ADDED ENTRY ELEMENTS (KOHA)
Suppress in OPAC 0
Holdings
Withdrawn status Lost status Source of classification or shelving scheme Damaged status Not for loan Home library Current library Shelving location Date acquired Total Checkouts Full call number Barcode Date last seen Copy number Price effective from Koha item type
    Dewey Decimal Classification     London London News article 22/04/2002   WB3815-15 117630-1001 06/08/2019 1 06/08/2019 News article